NBA ROTY's - Statistics

General Stats
  • This quiz has been taken 12 times
  • The average score is 16 of 77
Answer Stats
Hint Answer % Correct
2026 Cooper Flagg
100%
2004 LeBron James
100%
2025 Stephon Castle
90%
2024 Victor Wembanyama
90%
1985 Michael Jordan
70%
2023 Paolo Banchero
70%
2018 Ben Simmons
60%
2020 Ja Morant
60%
2012 Kyrie Irving
60%
1997 Allen Iverson
50%
2021 LaMelo Ball
50%
1980 Larry Bird
50%
2017 Malcolm Brogdon
50%
2011 Blake Griffin
40%
2009 Derrick Rose
40%
2016 Karl-Anthony Towns
40%
1992 Larry Johnson
40%
2019 Luka Doncic
40%
2022 Scottie Barnes
40%
1993 Shaquille O'Neal
40%
2015 Andrew Wiggins
30%
1970 Kareem Abdul-Jabbar
30%
2008 Kevin Durant
30%
2014 Michael Carter-Williams
30%
1998 Tim Duncan
30%
2006 Chris Paul
20%
2013 Damian Lillard
20%
1990 David Robinson
20%
2002 Pau Gasol
20%
1999 Vince Carter
20%
1978 Walt Davis
20%
1960 Wilt Chamberlain
20%
2003 Amar'e Stoudemire
10%
1973 Bob McAdoo
10%
1955 Bob Pettit
10%
2007 Brandon Roy
10%
1982 Buck Williams
10%
1996 Damon Stoudamire
10%
2005 Emeka Okafor
10%
1995 #2 Grant Hill
10%
1995 #1 Jason Kidd
10%
2001 Mike Miller
10%
1961 Oscar Robertson
10%
1984 Ralph Sampson
10%
2010 Tyreke Evans
10%
1977 Adrian Dantley
0%
1976 Alvan Adams
0%
1994 Chris Webber
0%
1987 Chuck Person
0%
1981 Darrell Griffith
0%
1967 Dave Bing
0%
1971 #2 Dave Cowens
0%
1991 Derrick Coleman
0%
1968 Earl Monroe
0%
1959 Elgin Baylor
0%
2000 #2 Elton Brand
0%
1974 Ernie Digregorio
0%
1971 #1 Geoff Petrie
0%
1975 Jamaal Wilkes
0%
1964 Jerry Lucas
0%
1988 Mark Jackson
0%
1956 Maurice Stokes
0%
1989 Mitch Richmond
0%
1986 Patrick Ewing
0%
1979 Phil Ford
0%
1954 Raymond Felix
0%
1966 Rick Barry
0%
1972 Sidney Wicks
0%
2000 #1 Steve Francis
0%
1983 Terry Cummings
0%
1963 Terry Dischinger
0%
1957 Tommy Heinsohn
0%
1962 Walt Bellamy
0%
1969 Wes Unseld
0%
1953 William Melchionni
0%
1965 Willis Reed
0%
1958 woody Sauldsberry
0%
No matching quizzes found
Score Distribution
Percent of People with Each Score
Percentile by Number Answered
Your Score History
You have not taken this quiz